[Event "Troy op"]
[Site "Troy"]
[Date "2003.07.27"]
[Round "5"]
[White "Foss, Isaac"]
[Black "Rotter, Robert J"]
[Result "1-0"]
[WhiteElo "1562"]
[BlackElo "1759"]
[PlyCount "26"]
[EventDate "2003.07.25"]
[EventType "swiss"]
[EventRounds "5"]
[EventCountry "USA"]
[SourceTitle "EXT 2008"]
[Source "ChessBase"]
[SourceDate "2007.11.25"]
[SourceVersion "1"]
[SourceVersionDate "2007.11.25"]
[SourceQuality "1"]

1. e4 c5 2. Nf3 d6 3. d4 cxd4 4. Nxd4 Nf6 5. Nc3 a6 6. f3 e5 7. Nf5 d5 8. Bg5 Bb4 9. Nxg7+ Kf8 10. Nh5 Nbd7 11. f4 d4 12. a3 Be7 13. Bh6+ Ke8 1-0

[Event "Troy op"]
[Site "Troy"]
[Date "2003.07.26"]
[Round "3"]
[White "Foss, Isaac"]
[Black "Boyce, Scott"]
[Result "1-0"]
[WhiteElo "1562"]
[BlackElo "1731"]
[PlyCount "81"]
[EventDate "2003.07.25"]
[EventType "swiss"]
[EventRounds "5"]
[EventCountry "USA"]
[SourceTitle "EXT 2008"]
[Source "ChessBase"]
[SourceDate "2007.11.25"]
[SourceVersion "1"]
[SourceVersionDate "2007.11.25"]
[SourceQuality "1"]

1. e4 c5 2. Nf3 d6 3. d4 cxd4 4. Nxd4 Nf6 5. Nc3 g6 6. Be3 Bg7 7. Qd2 Nc6 8. f3 Bd7 9. Be2 Rc8 10. g4 Ne5 11. Bh6 Bxh6 12. Qxh6 Qb6 13. Nb3 Nc4 14. Bxc4 Rxc4 15. 0-0-0 Be6 16. h4 a5 17. Qd2 a4 18. Nd4 Nd7 19. Nxe6 fxe6 20. h5 a3 21. b3 g5 22. h6 Ne5 23. Rdf1 Rd4 24. Qf2 Rf8 25. Ne2 Nd3+ 26. cxd3 Qc5+ 27. Kd2 Qb4+ 28. Ke3 e5 29. Qe1 Qb6 30. Nxd4 Qxd4+ 31. Ke2 Kd7 32. Qd2 d5 33. Rc1 Ke6 34. exd5+ Qxd5 35. Qe3 Rf4 36. Rc4 Rf6 37. Re1 Kf7 38. Kf2 Rxh6 39. Kg3 b6 40. Re4 Rc6 41. Rxe5 1-0

[Event "Troy op"]
[Site "Troy"]
[Date "2003.07.26"]
[Round "2"]
[White "Foss, Isaac"]
[Black "Canty, Sylvester"]
[Result "1-0"]
[WhiteElo "1562"]
[BlackElo "1605"]
[PlyCount "27"]
[EventDate "2003.07.25"]
[EventType "swiss"]
[EventRounds "5"]
[EventCountry "USA"]
[SourceTitle "EXT 2008"]
[Source "ChessBase"]
[SourceDate "2007.11.25"]
[SourceVersion "1"]
[SourceVersionDate "2007.11.25"]
[SourceQuality "1"]

1. e4 c5 2. Nf3 Nc6 3. d4 cxd4 4. Nxd4 g6 5. Be3 Bg7 6. Nc3 a6 7. Qd2 Qb6 8. Nb3 Qd8 9. Nd5 Bh6 10. Bxh6 Nf6 11. Qc3 Rg8 12. 0-0-0 Nxe4 13. Re1 Nxc3 14. Nf6# 1-0

[Event "Troy op"]
[Site "Troy"]
[Date "2003.07.26"]
[Round "1"]
[White "Palmer, Andrew"]
[Black "Foss, Isaac"]
[Result "0-1"]
[WhiteElo "1759"]
[BlackElo "1562"]
[PlyCount "68"]
[EventDate "2003.07.25"]
[EventType "swiss"]
[EventRounds "5"]
[EventCountry "USA"]
[SourceTitle "EXT 2008"]
[Source "ChessBase"]
[SourceDate "2007.11.25"]
[SourceVersion "1"]
[SourceVersionDate "2007.11.25"]
[SourceQuality "1"]

1. e4 c5 2. Nf3 Nc6 3. d4 cxd4 4. Nxd4 Nf6 5. Nc3 e6 6. Be3 Bb4 7. f3 a6 8. Be2 Qc7 9. Nxc6 bxc6 10. Qd4 c5 11. Qd1 Bb7 12. 0-0 d5 13. exd5 exd5 14. Bf2 d4 15. Bg3 Qc6 16. Nb1 Ng4 17. Bc4 Ne3 18. Qe2 0-0 19. c3 Nxf1 20. cxb4 Nxg3 21. hxg3 cxb4 22. Nd2 Rfe8 23. Qd3 Rad8 24. Ne4 Re5 25. Rc1 Qh6 26. Re1 Bxe4 27. fxe4 Qg6 28. Rf1 Qxe4 29. Bxf7+ Kh8 30. Qxa6 Qe3+ 31. Kh2 d3 32. Rf3 Qh6+ 33. Qxh6 gxh6 34. Bc4 d2 0-1